[Event "chess.com SpeedChess Q1Sw"]
[Site "chess.com INT"]
[Date "2022.11.10"]
[Round "9"]
[White "Gabrielian, Artur"]
[Black "Goltseva, Ekaterina"]
[Result "1-0"]
[WhiteTitle "GM"]
[BlackTitle "FM"]
[WhiteElo "2460"]
[BlackElo "2265"]
[WhiteFideId "4131002"]
[BlackFideId "24173770"]
[EventDate "2022.11.10"]

1. e4 e5 2. Nf3 Nf6 3. Nxe5 Nxe4 4. Qe2 Qe7 5. Qxe4 d6 6. d4 dxe5 7. dxe5 Nc6 8.
Bf4 g5 9. Be3 f5 10. Qa4 Qxe5 11. Bb5 Bd7 12. O-O Bg7 13. Bxg5 O-O 14. Nc3 f4
15. Bh4 a6 16. Bc4+ Kh8 17. Rad1 b5 18. Qa3 b4 19. Qa4 bxc3 20. Rxd7 Nd4 21. Be7
Rfe8 22. bxc3 Ne2+ 23. Bxe2 Qxe2 24. Bc5 Bxc3 25. Bd4+ Bxd4 26. Qxd4+ Qe5 27.
Qxe5+ Rxe5 28. Rxc7 Re2 29. Rd1 Rb8 30. h3 a5 31. Rdd7 Kg8 32. Rg7+ Kf8 33. Rxh7
Kg8 34. Rhg7+ Kf8 35. Rgf7+ Kg8 36. Rxf4 Rb1+ 37. Kh2 Ree1 38. Kg3 Ra1 39. a4
Ra3+ 40. f3 Re2 41. Rc5 Ra2 42. Re4 Rxe4 43. fxe4 Rxa4 44. Kf4 Ra1 45. Rc7 a4
46. Ra7 a3 47. Ke5 a2 48. g4 Kf8 49. h4 Kg8 50. g5 Kf8 51. g6 Kg8 52. h5 Rh1 53.
Rxa2 Rxh5+ 54. Kf6 Rh2 55. Ra8# 1-0

[Event "chess.com SpeedChess Q1Sw"]
[Site "chess.com INT"]
[Date "2022.11.10"]
[Round "9"]
[White "Jeet, Jain"]
[Black "Garv, Gaur"]
[Result "0-1"]
[WhiteTitle "FM"]
[BlackTitle "CM"]
[WhiteElo "2139"]
[BlackElo "1973"]
[WhiteFideId "5073022"]
[BlackFideId "45030839"]
[EventDate "2022.11.10"]

1. Nf3 d5 2. b3 Nf6 3. Bb2 c5 4. g3 Nc6 5. Bg2 Bg4 6. O-O e6 7. d3 Be7 8. Nbd2
O-O 9. h3 Bh5 10. a3 Rc8 11. c4 d4 12. b4 cxb4 13. Qb3 a5 14. g4 Bg6 15. Ne1 Nd7
16. Qd1 Nc5 17. axb4 Nxb4 18. Nb3 Nc6 19. Bxc6 Rxc6 20. Nxd4 Ra6 21. Nb5 a4 22.
d4 Nb3 23. Ra2 Qc8 24. c5 Qc6 25. Nc3 Rd8 26. Nxa4 Nxc5 27. Nc3 Rxa2 28. Nxa2
Bf6 29. e3 Qa6 30. Nb4 Qb5 31. Ba3 Ne4 32. Qd3 Qa4 33. f4 Rc8 34. f5 Rc3 35.
Qxe4 Qxa3 36. Qxb7 h5 37. fxg6 fxg6 38. Ng2 Rb3 39. Qc8+ Kh7 40. Nc6 Rxe3 41.
Nxe3 Qxe3+ 42. Kg2 Qe4+ 43. Rf3 hxg4 44. hxg4 Qxg4+ 45. Kf2 Bh4+ 46. Ke3 Bg5+
47. Ke2 Qe4+ 48. Kf2 Bh4+ 49. Kg2 Qg4+ 50. Kh2 Qxf3 51. Qxe6 Bg3+ 52. Kh3 Bf4+
53. Kh4 Qh5# 0-1

[Event "chess.com SpeedChess Q1Sw"]
[Site "chess.com INT"]
[Date "2022.11.10"]
[Round "9"]
[White "Durarbayli, Vasif"]
[Black "Pranav, V"]
[Result "0-1"]
[WhiteTitle "GM"]
[BlackTitle "IM"]
[WhiteElo "2612"]
[BlackElo "2548"]
[WhiteFideId "13402935"]
[BlackFideId "25060783"]
[EventDate "2022.11.10"]

1. e4 e5 2. Nf3 Nc6 3. Bb5 a6 4. Ba4 d6 5. d4 exd4 6. Nxd4 Bd7 7. O-O Nf6 8.
Nxc6 bxc6 9. Re1 Be7 10. c4 O-O 11. Nc3 Re8 12. h3 Bf8 13. Bg5 h6 14. Bh4 Be7
15. Qf3 Nh7 16. Bg3 Ng5 17. Qe3 Ne6 18. Rad1 Bf8 19. e5 c5 20. Bxd7 Qxd7 21.
exd6 Nd4 22. Qd3 Bxd6 23. Bxd6 Qxd6 24. Ne4 Qc6 25. Kf1 Rad8 26. Nc3 Qd6 27. Qg3
Qb6 28. b3 c6 29. Ne4 Re6 30. Nc3 Rg6 31. Qe5 Re6 32. Qg3 Rde8 33. Rxe6 Rxe6 34.
Re1 Rxe1+ 35. Kxe1 Qa5 36. Kd1 Qa3 37. Qe3 Qa5 38. Qe8+ Kh7 39. Qe4+ f5 40. Qd3
Kg6 41. Qg3+ Kh7 42. Qd3 Qc7 43. g3 Qe5 44. h4 g5 45. hxg5 hxg5 46. Qe3 Qd6 47.
Kc1 Qf6 48. Na4 Ne6 49. Qc3 Nd4 50. Qe3 Ne6 51. Qc3 Kg6 52. Kb2 g4 53. Ka3 Nd4
54. Qe1 Nc2# 0-1

[Event "chess.com SpeedChess Q1Sw"]
[Site "chess.com INT"]
[Date "2022.11.10"]
[Round "9"]
[White "Sjugirov, Sanan"]
[Black "Kravtsiv, Martyn"]
[Result "1-0"]
[WhiteTitle "GM"]
[BlackTitle "GM"]
[WhiteElo "2712"]
[BlackElo "2598"]
[WhiteFideId "4189302"]
[BlackFideId "14113147"]
[EventDate "2022.11.10"]

1. d4 d5 2. Nf3 e6 3. c4 Nf6 4. g3 Bb4+ 5. Bd2 Be7 6. Bg2 O-O 7. O-O Nbd7 8. Qc2
c6 9. Rd1 a5 10. Bf4 b5 11. c5 Nh5 12. Bd2 f5 13. e3 g5 14. Nc3 Ba6 15. Ne2 h6
16. Ne5 Nxe5 17. dxe5 Qc7 18. f4 Bc8 19. Nd4 Bd7 20. Rac1 Ng7 21. h3 h5 22. Qd3
g4 23. hxg4 hxg4 24. Kf2 Kf7 25. Rh1 Rh8 26. Qc3 Nh5 27. Rh2 Nxg3 28. Kxg3 Rxh2
29. Kxh2 Rh8+ 30. Kg1 b4 31. Qd3 Qd8 32. Qa6 Bf8 33. Be1 Qc7 34. Qb6 Qxb6 35.
cxb6 c5 36. Nxf5 exf5 37. Bxd5+ Be6 38. e4 Be7 39. Rd1 fxe4 40. Bxe4 Rd8 41.
Rxd8 Bxd8 42. b7 Bc7 43. a4 c4 44. f5 Bxe5 45. fxe6+ Kxe6 46. Bf2 c3 47. bxc3
bxc3 48. Ba7 Bc7 49. b8=Q Bxb8 50. Bxb8 Kd7 51. Bc2 Kc6 52. Be5 Kd5 53. Bxc3 Kc4
54. Bxa5 1-0

[Event "chess.com SpeedChess Q1Sw"]
[Site "chess.com INT"]
[Date "2022.11.10"]
[Round "9"]
[White "Vantika, Agrawal"]
[Black "Ambartsumova, Karina"]
[Result "1-0"]
[WhiteTitle "WGM"]
[BlackTitle "IM"]
[WhiteElo "2362"]
[BlackElo "2399"]
[WhiteFideId "25050389"]
[BlackFideId "4166299"]
[EventDate "2022.11.10"]

1. e4 c5 2. Nf3 a6 3. c4 Nc6 4. d4 cxd4 5. Nxd4 e6 6. Nc3 Qc7 7. a3 Nf6 8. Be3
Be7 9. Be2 O-O 10. O-O d6 11. Rc1 Ne5 12. b3 b6 13. f4 Ng6 14. Qd3 Bb7 15. b4
Rac8 16. Nb3 Qb8 17. Bf3 Nd7 18. g3 Qa8 19. Bd4 Rfd8 20. h4 Nde5 21. Qe2 Nxf3+
22. Rxf3 b5 23. cxb5 axb5 24. Na5 Rxc3 25. Rfxc3 Bxe4 26. Nc6 Bxc6 27. Rxc6 Qxa3
28. Kg2 Qxb4 29. Qb2 Qa4 30. Ra1 Ra8 31. Rxa4 bxa4 32. Qb7 Re8 33. Ra6 e5 34.
fxe5 dxe5 35. Be3 a3 36. h5 Nf8 37. Ra8 Rxa8 38. Qxa8 h6 39. Bc1 f6 40. Bxa3
Bxa3 41. Qxa3 Kf7 42. Qb3+ Ne6 43. Qd5 Ke7 44. Kf3 Nf8 45. Qb7+ Nd7 46. Ke4 Ke6
47. Qd5+ Ke7 48. Kf5 Nf8 49. Qc5+ Kf7 50. Qc7+ Kg8 51. Qe7 Nh7 52. Qe8+ Nf8 53.
g4 Kh7 54. Qxf8 e4 55. Ke6 1-0

[Event "chess.com SpeedChess Q1Sw"]
[Site "chess.com INT"]
[Date "2022.11.10"]
[Round "9"]
[White "Leiva, Gianmarco"]
[Black "Czerw, Dawid"]
[Result "1-0"]
[WhiteTitle "IM"]
[BlackTitle "FM"]
[WhiteElo "2366"]
[BlackElo "2373"]
[WhiteFideId "3804399"]
[BlackFideId "1145746"]
[EventDate "2022.11.10"]

1. e4 c5 2. Nf3 Nc6 3. d4 cxd4 4. Nxd4 Nf6 5. Nc3 e5 6. Ndb5 d6 7. Bg5 a6 8. Na3
b5 9. Nd5 Be7 10. Bxf6 Bxf6 11. c4 b4 12. Nc2 a5 13. Be2 O-O 14. O-O Bg5 15. Bg4
Be6 16. g3 Rb8 17. h4 Bh6 18. Kg2 Qd7 19. Nde3 Nd4 20. Nxd4 exd4 21. Nf5 Bxf5
22. Bxf5 Qc6 23. Qxd4 g6 24. Bg4 Bg7 25. Qd3 Bxb2 26. Rad1 Bg7 27. h5 a4 28.
hxg6 hxg6 29. Rb1 Rfe8 30. Bf3 Qb6 31. Rfd1 Be5 32. Qd2 b3 33. axb3 axb3 34. Qh6
Bg7 35. Qh4 b2 36. Rh1 Qd4 37. Qh7+ Kf8 38. e5 dxe5 39. Bd5 Red8 40. Rhd1 Qc3
41. Qh4 Rd6 42. Qg4 Rbd8 43. Qe2 e4 44. Qxe4 Re8 45. Qf4 Rf6 46. Qd2 Qxd2 47.
Rxd2 Ra6 48. Rbxb2 Bxb2 49. Rxb2 Ra7 50. Rc2 Rc8 51. Kf3 Ke7 52. Re2+ Kd6 53.
Rb2 Ke5 54. Re2+ Kf6 55. Kf4 Ra3 56. Kg4 Ra7 57. Re4 Re7 58. Rf4+ Kg7 59. Rd4
f5+ 60. Kf4 Kf6 61. Rd3 g5+ 62. Kf3 Ra7 63. Rb3 Rac7 64. Ke3 Ke5 65. Rb6 Re7 66.
f4+ gxf4+ 67. gxf4# 1-0

[Event "chess.com SpeedChess Q1Sw"]
[Site "chess.com INT"]
[Date "2022.11.10"]
[Round "9"]
[White "Sevian, Samuel"]
[Black "Li, Ruifeng"]
[Result "0-1"]
[WhiteTitle "GM"]
[BlackTitle "GM"]
[WhiteElo "2687"]
[BlackElo "2541"]
[WhiteFideId "2040506"]
[BlackFideId "2061074"]
[EventDate "2022.11.10"]

1. d4 b6 2. e4 Bb7 3. Bd3 e6 4. Nf3 d6 5. O-O Nd7 6. Re1 Ne7 7. c4 h6 8. Nc3 g6
9. Be3 Bg7 10. Qd2 g5 11. h4 g4 12. Nh2 h5 13. g3 Ng6 14. b4 e5 15. d5 Bf6 16.
f3 Nxh4 17. gxh4 Bxh4 18. f4 exf4 19. Bxf4 Qe7 20. c5 Ne5 21. Bb5+ Kd8 22. Rf1
Bf6 23. Ne2 Nf3+ 24. Nxf3 gxf3 25. Ng3 Rg8 26. cxd6 cxd6 27. Kh1 f2 28. e5 Bxe5
29. Nf5 Qe6 30. Rxf2 Bxd5+ 31. Kh2 Qxf5 32. Rg1 Rxg1 33. Kxg1 Qg4+ 34. Kf1 Qh3+
35. Ke2 Qe6 36. Kf1 Bc4+ 37. Bxc4 Qxc4+ 38. Kg1 Kc7 39. Kh2 Rg8 40. Qe3 Bxf4+
41. Rxf4 Qc2+ 42. Rf2 Qg6 43. Qf4 Qg1+ 44. Kh3 Qh1+ 45. Rh2 Qd5 46. Rf2 Rg4 47.
Qxf7+ Qxf7 48. Rxf7+ Kc6 49. Rxa7 Rxb4 50. Kg3 h4+ 51. Kh3 d5 52. Rh7 Kc5 53.
Rh5 Rd4 54. Rh8 Re4 55. Rc8+ Kb5 56. Rd8 d4 57. Kg2 Kc4 58. Kf3 Re3+ 59. Kf4 h3
60. Rb8 b5 61. Rc8+ Kb4 62. Rc2 Rc3 63. Rh2 Kc4 64. Rd2 b4 65. Ke4 Re3+ 66. Kf4
Kc3 67. Rd1 Rd3 68. Rc1+ Kd2 69. Rb1 Ra3 70. Rxb4 d3 71. Ke4 Rxa2 72. Rb3 Ke2
73. Kf4 Ra4+ 74. Kg3 d2 0-1

[Event "chess.com SpeedChess Q1Sw"]
[Site "chess.com INT"]
[Date "2022.11.10"]
[Round "9"]
[White "Sreyas, Payyappat"]
[Black "Harsh, Suresh"]
[Result "0-1"]
[WhiteTitle "FM"]
[BlackTitle "FM"]
[WhiteElo "2145"]
[BlackElo "2280"]
[WhiteFideId "46674969"]
[BlackFideId "45018464"]
[EventDate "2022.11.10"]

1. e4 c6 2. d4 d5 3. Nc3 dxe4 4. Nxe4 Bf5 5. Ng3 Bg6 6. Nf3 Nd7 7. h4 h6 8. Bd3
Bxd3 9. Qxd3 Ngf6 10. Bf4 Qa5+ 11. Bd2 Qc7 12. O-O-O e6 13. Ne4 Be7 14. Nxf6+
Bxf6 15. g4 O-O-O 16. g5 hxg5 17. hxg5 Be7 18. g6 f6 19. Qe4 Qd6 20. c4 c5 21.
Bf4 Qa6 22. Rxh8 Qxc4+ 23. Kb1 Rxh8 24. Rc1 Qd5 25. Qxd5 exd5 26. dxc5 Nf8 27.
c6 Nxg6 28. cxb7+ Kxb7 29. Be3 Ne5 30. Nxe5 fxe5 31. Rg1 Bf6 32. Bg5 Rh2 33.
Bxf6 gxf6 34. Rg7+ Kb6 35. f4 exf4 36. Rg6 Kc5 37. Rxf6 Rf2 38. Kc1 f3 39. Kd1
Rxb2 40. Rxf3 Rxa2 41. Kc1 a5 42. Rf7 Kc4 43. Ra7 d4 44. Rc7+ Kd3 45. Kb1 Ra4
46. Kb2 Kd2 47. Rc5 d3 48. Kb3 Rb4+ 49. Ka3 Rd4 50. Rxa5 Ke3 51. Re5+ Kf3 52.
Rf5+ Ke4 53. Rf1 d2 54. Rd1 Kd3 55. Kb2 Ke2 56. Kc2 Rc4+ 57. Kb3 Kxd1 58. Kxc4
Kc2 0-1

[Event "chess.com SpeedChess Q1Sw"]
[Site "chess.com INT"]
[Date "2022.11.10"]
[Round "9"]
[White "Pichot, Alan"]
[Black "Dubov, Daniil"]
[Result "0-1"]
[WhiteTitle "GM"]
[BlackTitle "GM"]
[WhiteElo "2637"]
[BlackElo "2708"]
[WhiteFideId "110973"]
[BlackFideId "24126055"]
[EventDate "2022.11.10"]

1. e4 c5 2. Nf3 d6 3. Bb5+ Bd7 4. Bxd7+ Nxd7 5. O-O Ngf6 6. Re1 e6 7. c3 Be7 8.
d4 O-O 9. Nbd2 cxd4 10. cxd4 Rc8 11. b3 Qc7 12. Bb2 Qc2 13. Rb1 d5 14. e5 Ng4
15. Qxc2 Rxc2 16. Rec1 Rfc8 17. Kf1 h5 18. Ke2 Nb8 19. h3 Nh6 20. Kd3 R2c6 21.
a3 a5 22. Rxc6 Nxc6 23. Rc1 g5 24. Nh2 g4 25. hxg4 hxg4 26. Nhf1 f6 27. exf6
Bxf6 28. Ne3 Kg7 29. Rh1 Kg6 30. f3 Bg5 31. Ndf1 gxf3 32. gxf3 Rf8 33. Ke2 Bf6
34. Kd3 Bg5 35. Ke2 Rf4 36. Rg1 Nxd4+ 37. Bxd4 Rxd4 38. Ng2 Kf7 39. Nfe3 Bxe3
40. Nxe3 Rh4 41. Rc1 Rh2+ 42. Kd3 Rh3 43. Rc7+ Kf6 44. Ke2 Rh2+ 45. Kd3 Rf2 46.
Rxb7 Rxf3 47. Ke2 Rh3 48. Rh7 Kg6 49. Re7 d4 50. Nc4 Kf5 51. Nd6+ Kf6 52. Re8
Ke5 53. Nc4+ Kf5 54. Nd6+ Kf6 55. Nc4 Nf5 56. Nxa5 d3+ 57. Kd2 Nd6 58. Rd8 Ne4+
59. Kc1 Rh1+ 60. Kb2 d2 61. Nc4 d1=Q 62. Rxd1 Rxd1 63. a4 Ke7 64. a5 Kd8 65. Ne5
Kc7 66. Ka3 Rd5 67. Nc4 Nd6 0-1

[Event "chess.com SpeedChess Q1Sw"]
[Site "chess.com INT"]
[Date "2022.11.10"]
[Round "9"]
[White "Szente Varga, Fruzsina"]
[Black "Samaganova, Aleksandra"]
[Result "1-0"]
[WhiteTitle "WFM"]
[BlackTitle "WFM"]
[WhiteElo "2075"]
[BlackElo "1884"]
[WhiteFideId "712264"]
[BlackFideId "13800221"]
[EventDate "2022.11.10"]

1. e4 c5 2. Nf3 e6 3. b3 a6 4. Bb2 Nf6 5. e5 Nd5 6. g3 Be7 7. Bg2 O-O 8. O-O d6
9. exd6 Bxd6 10. d3 Nc6 11. Nbd2 Be7 12. Nc4 Bf6 13. Nfe5 Nxe5 14. Nxe5 Rb8 15.
Qe2 Bd7 16. c4 Nb4 17. a3 Nc6 18. f4 Be8 19. Qe3 Nd4 20. Bxd4 cxd4 21. Qe2 Qc7
22. b4 b6 23. Ng4 Be7 24. f5 exf5 25. Rxf5 Bd6 26. Bd5 Bd7 27. Rg5 Bxg4 28. Qxg4
g6 29. Rf1 Be5 30. Kg2 Bg7 31. h4 Rbe8 32. h5 Qd6 33. hxg6 hxg6 34. Rxg6 Qe5 35.
Rg5 Qe2+ 36. Qxe2 Rxe2+ 37. Rf2 Rxf2+ 38. Kxf2 Kh7 39. Rf5 Kg6 40. g4 Bh6 41.
Be4 Be3+ 42. Kf3 Kg7 43. Rd5 Rb8 44. Rd7 Kf6 45. Bd5 Rf8 46. Rb7 Bc1 47. Rxb6+
Kg5 48. Rxa6 Re8 49. Be4 Rh8 50. Ra5+ Kf6 51. Rh5 Ra8 52. b5 Rxa3 53. Rf5+ Ke6
54. g5 Ra2 55. Rd5 Be3 56. g6 Rf2+ 57. Kg3 fxg6 58. Rc5 Rf1 59. Rc6+ Kd7 60.
Rxg6 Rg1+ 61. Kh2 Rb1 62. Kg3 Rg1+ 63. Kf3 Rf1+ 64. Ke2 Rb1 65. Bc6+ Kc7 66. c5
Rb2+ 67. Kf3 Rf2+ 68. Ke4 Rf4+ 69. Kd5 Rh4 70. Kc4 Rh1 71. Rg7+ Kc8 72. b6 Rc1+
73. Kd5 Rb1 74. Rg8# 1-0

[Event "chess.com SpeedChess Q1Sw"]
[Site "chess.com INT"]
[Date "2022.11.10"]
[Round "9"]
[White "Yang, Kaiqi"]
[Black "Ahn, Hongjin"]
[Result "1/2-1/2"]
[WhiteTitle "GM"]
[BlackTitle "IM"]
[WhiteElo "2481"]
[BlackElo "2282"]
[WhiteFideId "8604398"]
[BlackFideId "13201492"]
[EventDate "2022.11.10"]

1. e4 d6 2. d4 Nf6 3. Nc3 g6 4. Nf3 Nc6 5. Be2 Bg7 6. h3 O-O 7. Be3 e5 8. dxe5
Nxe5 9. Nxe5 dxe5 10. Qxd8 Rxd8 11. Bc4 c6 12. a4 Nh5 13. g3 Bf8 14. Ke2 Ng7 15.
f4 Be6 16. Bd3 Nh5 17. Kf3 Bh6 18. Rad1 Kg7 19. Ne2 f5 20. exf5 exf4 21. Bd4+
Rxd4 22. Nxd4 Bd5+ 23. Be4 Bxe4+ 24. Kxe4 Nxg3+ 25. Kf3 Nxh1 26. Rxh1 Kf6 27.
Re1 gxf5 28. Re6+ Kg5 29. h4+ Kh5 30. Nxf5 Bf8 31. Kxf4 Rd8 32. Re5 Kg6 33. h5+
Kf6 34. Re4 Rd5 35. Ne3 Rxh5 36. Ng4+ Kf7 37. Ne5+ Kg7 38. Ng4 Bd6+ 39. Kf3 Rh3+
40. Kg2 Rg3+ 41. Kf2 h5 42. Ne3 Rg6 43. Nf5+ Kf7 44. Rd4 Be5 45. Rd8 Ke6 46. Ne3
Rf6+ 47. Kg2 Bf4 48. Nc4 Kf5 49. Rh8 Kg4 50. Rg8+ Kh4 51. Rg7 Bg5 52. Ne5 Rf5
53. Nf3+ Kg4 54. c4 h4 55. Nxg5 Rxg5 56. Rxb7 h3+ 57. Kh2 Kf3 58. Rxa7 Rg2+ 59.
Kh1 Rxb2 60. Rf7+ Kg3 61. Rg7+ Kh4 62. a5 Rb1+ 63. Kh2 Rb2+ 64. Kh1 Ra2 65. Rg6
Rxa5 66. Rxc6 Rg5 67. Rh6+ Kg3 68. Rh8 Rg4 69. c5 Rc4 70. Rg8+ Kh4 71. Rh8+ Kg3
72. Rg8+ Kh4 73. Rh8+ Kg4 74. Rg8+ Kf3 75. Rf8+ Kg3 76. Rg8+ 1/2-1/2

[Event "chess.com SpeedChess Q1Sw"]
[Site "chess.com INT"]
[Date "2022.11.10"]
[Round "9"]
[White "Tan, Zhongyi"]
[Black "Svane, Frederik"]
[Result "0-1"]
[WhiteTitle "GM"]
[BlackTitle "GM"]
[WhiteElo "2514"]
[BlackElo "2568"]
[WhiteFideId "8603642"]
[BlackFideId "12923044"]
[EventDate "2022.11.10"]

1. d4 Nf6 2. c4 e6 3. Nc3 Bb4 4. e3 O-O 5. Bd3 d5 6. Nf3 dxc4 7. Bxc4 c5 8. O-O
cxd4 9. exd4 b6 10. Qe2 Bb7 11. Rd1 Nbd7 12. Bd3 Rc8 13. Bd2 Be7 14. Rac1 Re8
15. Bb1 Nf8 16. Bf4 Ng6 17. Bg3 Nh5 18. Be5 Nhf4 19. Qe3 Nd5 20. Qe1 Nxc3 21.
bxc3 Bxf3 22. gxf3 Nxe5 23. Qxe5 Bd6 24. Qe4 Qg5+ 25. Qg4 Qh6 26. h4 Rc7 27. Bd3
e5 28. Re1 Rce7 29. Qg5 Qxg5+ 30. hxg5 exd4 31. Rxe7 Bxe7 32. cxd4 Bxg5 33. Rc7
Rd8 34. Bc4 Rxd4 35. Bxf7+ Kh8 36. Rxa7 g6 37. Bb3 Bf6 38. Rb7 Rd6 39. Rb8+ Kg7
40. Rb7+ Kh8 41. Kg2 Bd4 42. f4 Bc5 43. Rb8+ Kg7 44. Rb7+ Kh8 45. Rb8+ Kg7 46.
Rb7+ Kf8 47. Rf7+ Ke8 48. Rxh7 Rf6 49. Kf3 Bd6 50. Ke4 Rxf4+ 51. Kd5 Bc5 52. Rg7
Rf6 53. f3 Kf8 54. Rh7 Rxf3 55. Ke6 g5 56. Rh5 Be3 57. Ke5 Rf1 58. Rh8+ Kg7 59.
Rg8+ Kh7 60. Ke4 Bf4 61. Rf8 Re1+ 62. Kf5 Kg7 63. Rg8+ Kh7 64. Rf8 Re5+ 65. Kg4
Rc5 66. Rf7+ Kg6 67. Rb7 Rb5 68. Bc2+ Kf6 69. Bd3 Rb4 70. Kh5 Bd6 0-1

[Event "chess.com SpeedChess Q1Sw"]
[Site "chess.com INT"]
[Date "2022.11.10"]
[Round "9"]
[White "Swiercz, Dariusz"]
[Black "Aitbayev, Aslan"]
[Result "1/2-1/2"]
[WhiteTitle "GM"]
[BlackTitle "IM"]
[WhiteElo "2646"]
[BlackElo "2421"]
[WhiteFideId "1126881"]
[BlackFideId "13704613"]
[EventDate "2022.11.10"]

1. d4 d6 2. e4 Nf6 3. Nc3 g6 4. Bg5 Bg7 5. Qd2 h6 6. Bh4 g5 7. Bg3 Nh5 8. O-O-O
Nd7 9. Kb1 c5 10. Nge2 a6 11. f3 Nxg3 12. hxg3 b5 13. g4 Bb7 14. dxc5 Nxc5 15.
Nd4 e6 16. a3 Rc8 17. Qe3 O-O 18. Be2 Nd7 19. g3 Ne5 20. f4 Nc4 21. Bxc4 Rxc4
22. Rhe1 Qb6 23. Nf5 Qxe3 24. Nxe3 Rc6 25. Ne2 Rfc8 26. Nc1 Rb6 27. Nf1 b4 28.
a4 b3 29. Nxb3 Rb4 30. Nfd2 Rxa4 31. c3 d5 32. e5 gxf4 33. Nd4 fxg3 34. N2f3 a5
35. b3 Rxd4 36. cxd4 Rc3 37. Nd2 Rd3 38. Kc2 Rxd4 39. Nf3 Rxg4 40. Rd4 Re4 41.
Rg1 Re2+ 42. Kb1 g2 43. Rd2 Rxd2 44. Nxd2 d4 45. Nc4 Bd5 46. Kc2 a4 47. Kd3 axb3
48. Kxd4 Bxc4 49. Kxc4 Bxe5 50. Rxg2+ Kf8 51. Kxb3 Bf6 52. Kc4 Bg5 53. Kd3 Kg7
54. Ke4 Kg6 55. Kf3 f5 56. Ra2 e5 57. Ra6+ Kh5 58. Ra5 e4+ 59. Kg3 Kg6 60. Ra6+
Bf6 61. Kf4 h5 62. Rc6 h4 63. Ra6 h3 64. Kg3 Kg5 65. Kxh3 f4 66. Ra5+ Kg6 67.
Kg4 f3 68. Ra4 f2 69. Ra1 Bg5 70. Rf1 e3 71. Kf3 Kf5 72. Ke2 Ke4 73. Rb1 Kf4 74.
Rb5 Bh4 75. Rb4+ Kg3 76. Rb7 Kg2 77. Rf7 Bg3 78. Rf3 Bh4 79. Rf4 Bg3 80. Rf5 Bh4
81. Rf7 Bg3 82. Rf8 Bh4 83. Rf3 Bg3 84. Rf5 Bh4 85. Rf7 1/2-1/2

[Event "chess.com SpeedChess Q1Sw"]
[Site "chess.com INT"]
[Date "2022.11.10"]
[Round "9"]
[White "Borgaonkar, Akshay"]
[Black "Rustemov, Alexander"]
[Result "0-1"]
[WhiteTitle "CM"]
[BlackTitle "GM"]
[WhiteElo "2135"]
[BlackElo "2525"]
[WhiteFideId "25639110"]
[BlackFideId "4119002"]
[EventDate "2022.11.10"]

1. Nf3 d5 2. b3 Nf6 3. Bb2 Bf5 4. e3 e6 5. d3 h6 6. Nbd2 c5 7. Be2 Nc6 8. a3 Be7
9. Ne5 Qc7 10. Nxc6 Qxc6 11. Nf3 Rd8 12. Ne5 Qc7 13. O-O d4 14. Nf3 e5 15. e4
Be6 16. h3 O-O 17. a4 b6 18. Bc1 a6 19. Bd2 Nd7 20. Nh2 Bg5 21. Bg4 Qc6 22. Bxg5
hxg5 23. Bxe6 Qxe6 24. Qg4 Qxg4 25. hxg4 f6 26. Nf3 Rc8 27. Nd2 Rc7 28. Nc4 Rc6
29. f3 Rfc8 30. Kf2 Nf8 31. Nd2 Ne6 32. g3 Kf7 33. Rh1 R6c7 34. Nc4 Rb8 35. Rh7
Ke7 36. a5 b5 37. Nb6 Kf7 38. Nd5 Rd7 39. Rah1 Nc7 40. Nb6 Rdd8 41. Ke2 Kg6 42.
R7h5 Rb7 43. Rh7 Ne6 44. R1h6+ Kf7 45. Nd5 Rxd5 46. exd5 Nf8 47. f4 gxf4 48.
gxf4 exf4 49. Kf3 Rd7 50. Kxf4 Rxd5 51. Rh5 Re5 52. Rh8 Ng6+ 53. Kf3 Nxh8 54.
Rxh8 Re1 55. Ra8 Rc1 56. Rxa6 Rxc2 57. Ra7+ Kg6 58. Rb7 c4 59. bxc4 bxc4 60.
dxc4 Rxc4 61. a6 Ra4 62. a7 Kh6 63. Rd7 g6 64. Kg3 Kg5 65. Rd5+ Kh6 66. Rd7 d3
67. Kf3 d2 68. Ke2 Ra2 69. Rxd2 Rxa7 70. Kf3 Ra3+ 71. Kf4 g5+ 72. Kf5 Rf3+ 73.
Ke6 Kg6 74. Rd8 Re3+ 75. Kd7 Rd3+ 76. Ke8 Rxd8+ 77. Kxd8 f5 0-1

[Event "chess.com SpeedChess Q1Sw"]
[Site "chess.com INT"]
[Date "2022.11.10"]
[Round "9"]
[White "Le, Tuan Minh"]
[Black "Sarana, Alexey"]
[Result "0-1"]
[WhiteTitle "IM"]
[BlackTitle "GM"]
[WhiteElo "2542"]
[BlackElo "2668"]
[WhiteFideId "12401153"]
[BlackFideId "24133795"]
[EventDate "2022.11.10"]

1. d4 d5 2. Nf3 Nf6 3. Bf4 c5 4. c3 Nc6 5. e3 Qb6 6. Qc2 g6 7. Nbd2 Bg7 8. Be2
O-O 9. O-O Bd7 10. Qb3 c4 11. Qa3 Rfc8 12. b3 Bf8 13. Qc1 cxb3 14. axb3 Nh5 15.
Bg5 h6 16. Bh4 Ng7 17. Bg3 Nf5 18. Qb2 Nxg3 19. hxg3 e6 20. Rfb1 a5 21. Bd3 Bg7
22. e4 dxe4 23. Bxe4 Qc7 24. Nc4 Rab8 25. Qd2 b5 26. Ne3 Ne7 27. Rc1 a4 28. bxa4
bxa4 29. c4 Be8 30. Ra2 Rd8 31. d5 exd5 32. Nxd5 Qc5 33. Qe3 Qxe3 34. Nxe7+ Kf8
35. Nxg6+ fxg6 36. fxe3 Rb3 37. Bd5 Rxe3 38. Rf1 Ke7 39. Kf2 Rb3 40. Re1+ Kd6
41. Re6+ Kc5 42. Kg1 Rb2 43. Ra3 Kb4 44. Rd3 a3 45. Ra6 a2 46. Kh2 Rf2 47. Rd1
Ba4 48. Re1 a1=Q 49. Rxa1 Bxa1 50. Rxg6 Kc5 51. Ne1 Kd4 52. Rg4+ Kc3 53. Rg6 Re2
54. Nf3 Bd7 55. Ra6 Bb2 56. Ng1 Rd2 57. Nf3 Rf2 58. Ra7 Bg4 59. Ne5 Be2 60. Rb7
Re8 61. Ng6 Bf1 62. Kg1 Rf6 63. Nf4 Be2 64. Rd7 Rxf4 65. gxf4 Bc1 66. Kf2 Bxf4
67. Rf7 Bg5 68. g3 Bd3 69. Rf3 Kd4 70. Bf7 Re5 71. Bd5 Bxc4 72. Bxc4 Kxc4 73.
Rf8 Kd5 74. Kf3 Ke6 75. Kg4 Re4+ 76. Kh5 Ra4 77. Rf1 Ke7 78. Rf2 Ra3 79. Kg4 Ke6
80. Rf1 Ra4+ 81. Kh5 Ra2 82. Kg4 Rh2 83. Rf8 Ke5 84. Rf5+ Ke4 85. Rf1 Be3 0-1

[Event "chess.com SpeedChess Q1Sw"]
[Site "chess.com INT"]
[Date "2022.11.10"]
[Round "9"]
[White "Arencibia Monduy, Antonio"]
[Black "Jodorcovsky Werjivker, Paulo"]
[Result "1-0"]
[WhiteTitle "CM"]
[BlackTitle "CM"]
[WhiteElo "2100"]
[BlackElo "2220"]
[WhiteFideId "3507939"]
[BlackFideId "3700305"]
[EventDate "2022.11.10"]

1. Nf3 f5 2. g3 Nf6 3. Bg2 d6 4. O-O e5 5. d4 e4 6. Nfd2 Be7 7. c4 O-O 8. Nc3
Nc6 9. Nb3 Qe8 10. f3 exf3 11. exf3 Nh5 12. f4 Nf6 13. Re1 Qf7 14. Nd5 Bd8 15.
Nxf6+ Qxf6 16. d5 Nb4 17. a3 Na6 18. Be3 Bd7 19. Qd2 h5 20. Nd4 h4 21. b4 hxg3
22. hxg3 Qg6 23. Bf2 Bf6 24. Rad1 Bxd4 25. Qxd4 b6 26. Re7 Rf7 27. Rde1 Raf8 28.
R7e2 Nb8 29. Bf3 Bc8 30. Kg2 Nd7 31. Re6 Nf6 32. Rh1 Bxe6 33. dxe6 Re7 34. Re1
Ne4 35. Bxe4 fxe4 36. Rxe4 Rf6 37. Qd5 c6 38. Qxc6 Rfxe6 39. Rd4 Qc2 40. Qd5 Kh8
41. Rd2 Qg6 42. Kf3 Qf6 43. Kg2 Qc3 44. Rd3 Qc2 45. Rd2 Qb3 46. Rd3 Qb2 47. Rd2
Qxa3 48. Qh5+ Rh6 49. Qf5 Re8 50. Bd4 Qxb4 51. Rf2 Rhe6 52. Qh5+ Kg8 53. Qd5 Re7
54. f5 Qa5 55. Qxa5 bxa5 56. fxe6 Rxe6 57. Ra2 Re4 58. Rd2 a4 59. Kf3 Re6 60.
Ra2 Re7 61. Rxa4 Rf7+ 62. Ke3 Rc7 63. Kd3 a5 64. Rxa5 Rc6 65. Rd5 Kf7 66. Rg5 g6
67. Rb5 Ra6 68. Ke3 Ra3+ 69. Kf4 Ra6 70. Rb6 Ra4 71. Rc6 Rb4 72. Ke4 Ke6 73. Be3
Kd7 74. Kd5 Ke7 75. Bg5+ Kf7 76. Rxd6 Rb3 77. Rf6+ Kg7 78. Bh4 Rd3+ 79. Ke4 Rc3
80. Rc6 Kh6 81. Bd8 Rc1 82. Kf3 Kh5 83. Bc7 Rc3+ 84. Kg2 Kg4 85. Bf4 g5 86. Bc7
Rc2+ 87. Kf1 Kf3 88. Ke1 Re2+ 89. Kd1 Ra2 90. Re6 g4 91. Bf4 Rb2 92. Re3+ Kf2
93. Kc1 Ra2 94. Rc3 Ra1+ 95. Kb2 Rd1 96. c5 1-0

[Event "chess.com SpeedChess Q1Sw"]
[Site "chess.com INT"]
[Date "2022.11.10"]
[Round "10"]
[White "Czerw, Dawid"]
[Black "Arencibia Monduy, Antonio"]
[Result "0-1"]
[WhiteTitle "FM"]
[BlackTitle "CM"]
[WhiteElo "2373"]
[BlackElo "2100"]
[WhiteFideId "1145746"]
[BlackFideId "3507939"]
[EventDate "2022.11.10"]

1. d4 Nf6 2. c4 e6 3. Nc3 Bb4 4. f3 O-O 5. e4 d5 6. cxd5 exd5 7. e5 Nfd7 8. Bd3
c5 9. Ne2 cxd4 10. Nxd4 Nxe5 11. Bc2 Qh4+ 12. g3 Qxd4 13. Qxd4 Nxf3+ 14. Kf2
Nxd4 15. Bb3 Nxb3 16. axb3 Bc5+ 17. Kg2 Bf5 0-1